Movies Quiz

Random Movies or Clickable Quiz
Score 0/40 Timer 04:00
25 Plays Today
% Correct
How to Train
95.4%
Kung Fu
94.9%
Cloudy With a
94%
Finding
94%
Toy
93.8%
Wreck-It
93.3%
Peter
91.9%
The Lego
90.8%
Sleeping
87.3%
Happy
83.4%
Brother
82.5%
Inside
81.5%
Fantastic Mr.
79.8%
Shark
78%
A Midsummer
77.9%
Chicken
77.6%
Corpse
76.3%
Yellow
75%
The Iron
74.8%
The Great
70.7%
% Correct
The Black
67.9%
Treasure
67%
Animal
66.9%
Rise of the
66.9%
Fantasia
66.6%
The Adventures
61.3%
FernGully:
58%
Watership
57.9%
Batman:
55.4%
A Town
52.6%
The Secret
51.9%
Monster
50.8%
Princess
48.1%
Mary and
43.8%
The Pirates!
40.9%
The Triplets
37.8%
Ernest &
36.6%
Porco
30.5%
Wolf
22.1%
Waltz with
21.3%

You're not logged in!

Compare scores with friends on all Sporcle quizzes.
OR
Log In

Sporcle TV

Today on Sporcle TV


Watch our educational content, quiz creation guides, and fun videos on Sporcle TV.

Show Comments

Extras

Top Quizzes Today


Score Distribution

Paid Content

Your Account Isn't Verified!

In order to create a playlist on Sporcle, you need to verify the email address you used during registration. Go to your Sporcle Settings to finish the process.

Report this User

Report this user for behavior that violates our Community Guidelines.

Details: